[Event "DDR-ch29 Final"]
[Site "Plauen"]
[Date "1980.02.11"]
[Round "9"]
[White "Knaak, Rainer"]
[Black "Boensch, Uwe"]
[Result "1/2-1/2"]
[WhiteElo "2535"]
[BlackElo "2450"]
[Annotator "Knaak,R"]
[PlyCount "78"]
[EventDate "1980.02.03"]
[EventType "tourn"]
[EventRounds "15"]
[EventCountry "DDR"]
[EventCategory "5"]
[SourceTitle "MCL"]
[Source "ChessBase"]
[SourceDate "1999.07.01"]
[SourceVersion "1"]
[SourceVersionDate "1999.07.01"]
[SourceQuality "1"]

1. d4 Nf6 2. c4 c5 3. d5 e6 4. Nc3 exd5 5. cxd5 d6 6. e4 g6 7. Bd3 Bg7 8. Nge2
O-O 9. O-O b6 10. a4 $1 Ba6 11. Nb5 $1 {In Verbindung mit dem 10. Zug eine
meiner besten Eröffnungsideen. Ich kam nach langen Analysen darauf, denn es
gibt keinen klaren Weg, um gegen 9...b6 Eröffnungsvorteil zu erreichen.} Bxb5
$6 (11... Ne8 {So spielte Pinter gegen mich, aber Weiß steht hier ebenfalls
besser.}) 12. axb5 Nbd7 13. Nc3 {Weiß steht strategisch auf Gewinn, Schwarz
hat keine Bauernzüge. Man braucht also "nur" alle taktischen Drohungen
abwehren, eine Idealaufstellung mit f4, h3, Ta4, Tf1-a1 o.д. einnehmen und
dann den typischen Vorstoß e5 de5, f5 durchdrücken oder auch mit g4 am
Königsflügel antreten. Daß es nicht ganz so einfach ist, beweist diese Partie.
In allen möglichen Varianten sollte aber der Fakt, daß Weiß das Läuferpaar
besitzt, eine wichtige Rolle spielen. Ob der Springer auf c3 richtig steht,
ist noch die Frage. Schwarz konnte auch mit 9...Te8 den Springer nach g3
zwingen und dann erst 10...b6 spielen:} (13. Ra4 Re8 14. Ng3 {Mit
Zugumstellung wäre dann diese Position entstanden.} h5 15. f4 $5 h4 16. Ne2 Nh5
{Nun geht sogar} 17. g4 hxg3 18. hxg3 {nebst 19.Kg2.}) 13... Re8 14. Ra4 Qe7 (
14... h5 15. f4 $5 Ng4 16. h3 Bd4+ (16... Qh4 17. hxg4 hxg4 18. Ne2 g3 19. Rf3
$1) 17. Rxd4 cxd4 18. hxg4 dxc3 19. gxh5 {und der weiße Angriff sollte
durchschlagen.}) 15. Bd2 $6 {Es ist unverständlich, wieso ich hier nicht 15.f4
gespielt habe. Schwarz ist völlig hilflos:} (15. f4 h5 16. h3 h4 17. Be2 {
nebst 18.Lf3}) 15... h5 $1 (15... c4 16. Bc2 {Der Bauer c4 ist zwar vorerst zu
verteidigen, aber Sc5 wird dann immer mit Txc4 beantwortet.}) 16. Be2 $6 (16.
h3 $142) (16. f4 $142 Ng4 17. h3 Bd4+ 18. Rxd4 cxd4 19. hxg4 dxc3 (19... Nc5 {
ist möglicherweise eine Verbesserung.}) 20. Bxc3) 16... Nh7 17. f4 {Auch das
ist wohl ein Fehler. Sicherer sieht 17.Le3 aus.} Bd4+ 18. Kh1 Nhf6 19. Bf3 Ng4
$1 20. Bxg4 $2 {Bönsch meinte hinterher, daß ich hier 20.De1 hätte spielen
sollen, um dann mit e4-e5 den Ta8 zu ärgern. Er hat natürlich recht.} (20. Qe1
{Nach} Kg7 {geht sowohl} 21. h3 {als auch} (21. e5) (21. b3 {nebst 22.Se2})
21... Rh8 22. e5) 20... hxg4 21. Qxg4 Nf6 22. Qg5 $6 {Dieser Zug beruht auf
einem Irrtum. Möglicherweise stand Weiß soundso schon nicht mehr besser.} Nxe4
23. Nxe4 Qxe4 24. Bc3 {Hier hatte ich eigentlich 24.f5 geplant, doch nach
einfach 24...Te5 weiß ich nicht weiter.} Qf5 $1 (24... Qe2 25. Raa1 {und Weiß
sollte besser stehen.}) 25. Bxd4 $2 (25. Qxf5 gxf5 26. Bxd4 Re4 {ergibt
zumindest Ausgleich:} 27. Ra3 $5 Rxd4 28. Rg3+ Kf8 29. Rh3 Kg7 30. Kg1 Rxd5 31.
Rff3 Re8 $6 32. Rfg3+ Kf6 33. Rh6+ Ke7 34. Ra3 $1 $10) 25... Qxg5 26. fxg5 Re4
{Diesen Zug hatte ich, nebenbei bemerkt, übersehen. Bei 26...cd4 27.Td4 hätte
ich auch kaum Vorteil gehabt.} 27. Rd1 cxd4 28. Raxd4 Rxd4 29. Rxd4 Rc8 30. h4
Rc5 31. Kh2 {Weiß kämpft um's Remis.} Rxb5 32. Rd2 a5 33. g4 a4 34. h5 Rb3 $6 {
Danach kann Schwarz nicht mehr gewinnen. Man muß erst auf h5 nehmen, aber ich
glaube, auch dann halte ich es zusammen.} 35. h6 b5 36. Rc2 Rd3 37. Rc8+ Kh7
38. Rc7 Rxd5 39. Rxf7+ Kh8 1/2-1/2

[Event "Cancan Veterans-Women"]
[Site "Roquebrune"]
[Date "1998.09.18"]
[Round "11"]
[White "Kortschnoj, Viktor Lvovich"]
[Black "Arakhamia Grant, Ketevan"]
[Result "1-0"]
[WhiteElo "2625"]
[BlackElo "2420"]
[Annotator "Kortschnoj,V"]
[PlyCount "91"]
[EventDate "1998.09.07"]
[EventType "schev"]
[EventRounds "12"]
[EventCountry "FRA"]
[SourceTitle "CBM 067"]
[Source "ChessBase"]
[SourceDate "1998.11.30"]
[SourceVersion "2"]
[SourceVersionDate "1998.11.01"]
[SourceQuality "1"]

1. d4 Nf6 2. c4 g6 3. Nc3 Bg7 4. e4 d6 5. f3 O-O 6. Nge2 c5 7. Be3 Nc6 8. d5
Ne5 9. Ng3 e6 10. Be2 exd5 11. cxd5 h5 12. O-O Nh7 13. Qd2 h4 14. Nh1 f5 15.
Nf2 a6 16. a4 b6 17. f4 (17. Kh1 $5 Ra7 (17... Re8 18. Rab1 $14 {/\b2-b4}) 18.
exf5 gxf5 19. Nh3 Ng6 20. Nf4 $14 {/\Ne6 |^}) 17... Nf7 18. Bd3 Nf6 19. Kh1 Re8
20. Rae1 Ra7 $11 21. exf5 gxf5 22. Nh3 Ng4 23. Ng5 $2 (23. Bg1 $142 Rae7 24.
Bc4 $11) 23... Nxg5 24. fxg5 Rae7 25. Bf4 Bd4 (25... Ne5 26. Bxe5 Rxe5 (26...
Bxe5 27. Qf2 Bxc3 28. bxc3 Rxe1 29. Rxe1 Rxe1+ 30. Qxe1 Qxg5 31. Qe8+ Kg7 32.
h3 $15) 27. Rxe5 Rxe5 28. Qf4 Qe7 29. Qxh4 Re3 $44) 26. Rxe7 Qxe7 27. h3 Be3 $2
(27... Ne5 $142 28. Re1 Qf7 (28... Nxd3 29. Rxe7 Rxe7 30. Ne2 Nxf4 31. Nxd4 Nh5
32. Ne6 Ng3+ 33. Kg1 $44) 29. Be2 $11) 28. Qe2 $1 $16 Bxf4 29. Rxf4 Qd8 (29...
Qf7 30. Qd2 Ne3 31. Ne4 $1 $16) (29... Qxe2 30. Bxe2 Ne5 31. Rxh4 Nf7 (31...
Ng6 32. Rh6 Kg7 33. Bh5 Re1+ 34. Kh2 Nf4 35. Bf3 $16) 32. g6 Ne5 33. Rh7 Nxg6
34. Ra7 $16) 30. Qd2 Ne3 31. Rxh4 Qxg5 32. Qf2 Re7 33. Kh2 $2 (33. Rf4 $142 $1
Rg7 34. g4 Qe7 (34... Nxg4 35. hxg4 Rh7+ 36. Kg1 Qh6 37. Kf1 $18) 35. Be4 $1
$16) 33... Rg7 34. g3 Re7 $2 (34... Rh7 $142 $11) 35. Rf4 Qh6 $6 (35... Qh5
$142) 36. Kg1 Re5 $6 37. Rh4 $1 Qg5 38. Qf4 $16 Qxf4 39. gxf4 Re7 40. Rh6 c4 (
40... Rd7 41. Kf2 $18) 41. Be2 Bb7 (41... Nxd5 42. Bxc4 Kg7 43. Nxd5 Re1+ 44.
Kf2 Rc1 45. Rxd6 Rxc4 46. Nxb6 $18) (41... Rd7 42. Kf2 Nc2 43. Bxc4 $16) 42.
Rxd6 b5 43. Rd8+ Kh7 44. Kf2 Nc2 45. axb5 axb5 46. Nxb5 1-0

[Event "Las Palmas"]
[Site "Las Palmas"]
[Date "1996.12.15"]
[Round "5"]
[White "Ivanchuk, Vassily"]
[Black "Kramnik, Vladimir"]
[Result "1-0"]
[WhiteElo "2730"]
[BlackElo "2765"]
[Annotator "Kramnik,V"]
[PlyCount "67"]
[EventDate "1996.12.08"]
[EventType "tourn"]
[EventRounds "10"]
[EventCountry "ESP"]
[EventCategory "21"]
[SourceTitle "CBM 057"]
[Source "ChessBase"]
[SourceDate "1997.04.01"]
[SourceVersion "1"]
[SourceVersionDate "1997.04.01"]
[SourceQuality "1"]

1. d4 {Ftacnik Dolmatov} Nf6 2. c4 g6 3. Nc3 Bg7 4. e4 d6 5. Nge2 O-O 6. f3 c5
7. d5 e6 8. Ng3 exd5 9. cxd5 Nbd7 10. Be2 a6 11. a4 h5 12. Bg5 (12. O-O {
Ftacnik} h4 (12... Nh7 13. Be3 h4 14. Nh1 f5 15. Qd2 Qf6 16. f4 Re8 17. Nf2
Ndf8 18. e5 dxe5 19. fxe5 Qxe5 20. Bxc5 Nd7 21. Nd3 Qf6 22. Bf2 {Brunner,L-Xie
Jun (03)/Shanghai m/1995/0-1 (53)}) 13. Nh1 Nh5 14. Be3 g5 15. Qd2 Nf4 16. Bxf4
gxf4 17. Qxf4 Ne5 18. Qd2 Ng6 19. f4 Bd4+ 20. Nf2 f5 21. Kh1 Qe7 22. Bd3 Qg7
23. exf5 Bxf5 24. Bxf5 Rxf5 25. Nh3 Raf8 {Hansen,SuB-Mortensen,E/DEN-ch (04)/
1993/1/2-1/2 (49)}) 12... Qe8 (12... Qa5 13. Qd2 Re8 14. O-O c4 15. Be3 Ne5 16.
Nh1 Nfd7 17. f4 Nd3 18. Bxd3 cxd3 19. Nf2 Nc5 20. Bxc5 Qxc5 21. Kh1 Bd7 {
with mutual chances, Antonsen,M-Tseshkovsky,V/Politiken Copenhagen DEN 1996}) (
12... Qc7 {Dolmatov} 13. Qd2 Re8 (13... Nh7 {Ftacnik} 14. Bh6 Qd8 15. Bxg7 Kxg7
16. O-O Rb8 17. Rab1 Qa5 18. Rfd1 Qb4 19. Qc2 c4 20. Na2 Qc5+ 21. Kf1 b5 22.
axb5 axb5 23. b3 h4 24. Nh1 h3 25. bxc4 hxg2+ 26. Kxg2 Ne5 {Akhsharumova,A-Xie
Jun/Malaysia iztW (02)/1990/0-1 (57)}) (13... c4 14. O-O Rb8 15. Bh6 h4 16. Nh1
b5 17. axb5 axb5 18. Nf2 b4 19. Bxg7 Kxg7 20. Na4 Nc5 21. Nxc5 Qxc5 {1/2-1/2
Christiansen,L-Fedorowicz,J/San Francisco (11)/1991/}) 14. O-O c4 15. Rab1 Rb8
16. Rfc1 b5 17. axb5 axb5 18. b4 $13) (12... Qb6 $5 {Dolmatov} 13. Qd2 Nh7 14.
a5 Qc7 $132) 13. Qd2 Nh7 (13... Rb8 $5 {Dolmatov} 14. Bh6 Ne5 15. Bxg7 Kxg7 16.
f4 Neg4 17. h3 h4 (17... Nh6 18. Bf3 h4 19. Nge2 $16) 18. hxg4 hxg3 19. f5 Rh8
20. O-O-O $40) 14. Bh6 (14. Be3 {Ftacnik} f5 $36) 14... Qe5 (14... Bd4 {
Dolmatov} 15. Bxf8 Qxf8 16. Bd3 Qg7 17. Nge2 $16) (14... f5 {Ftacnik} 15. Bxg7
Kxg7 16. exf5 gxf5 17. O-O $14) 15. Bxg7 Qxg7 16. Nf1 (16. O-O h4 17. Nh1 Qd4+
(17... f5 {Ftacnik} 18. Nf2 b6 $10) 18. Qxd4 cxd4 19. Nb1 a5 (19... f5 20. Nf2
Nhf6 21. Rd1 $14) 20. Rd1 Nc5 {Black is better, Disconzi da Silva,R-Leitao,R/
ch-BRA, Americana 1996}) 16... f5 (16... Qd4 {Dolmatov} 17. Ne3 (17. Qxd4 cxd4
18. Nb1 Nc5 $132) 17... Qxd2+ 18. Kxd2 $16) (16... Rb8 {Dolmatov} 17. Ne3) 17.
exf5 gxf5 18. Ne3 Kh8 (18... Ne5 {Dolmatov} 19. f4 (19. O-O $2 f4 $132) 19...
Ng4 20. Nc4 Qc7 21. h3 Ngf6 22. a5 Bd7 23. O-O Rae8 24. Qd1 $16) (18... Rb8 $5
{Dolmatov} 19. O-O $6 (19. Nc4 Ne5 20. Nxe5 Qxe5 21. O-O) 19... Qd4 20. Rad1 f4
) (18... f4 $2 {Ftacnik} 19. Nc4 Qxg2 20. O-O-O $16) 19. Nc4 Qf6 (19... Qxg2 {
Dolmatov} 20. O-O-O Qg6 21. Qf4 $1 (21. Rhg1 Qf6 22. Qf4 (22. f4 b5 23. axb5 h4
$132) 22... Ne5) (21. Qf4 $1 {Ftacnik} Rf6 22. Rhg1 Qh6 23. Qxh6 Rxh6 24. Bd3
$14)) 20. O-O Rb8 (20... Ne5 {Dolmatov} 21. Nb6 (21. Nxe5 Qxe5 22. Rad1 Rg8 $13
) 21... Rb8 22. f4 Ng4 23. h3 (23. Bxg4 {Ftacnik} hxg4 24. Rae1 $14) 23... Qd4+
24. Qxd4+ cxd4 25. hxg4 dxc3 26. g5 cxb2 27. Rab1 $18) (20... Qd4+ $6 {Ftacnik}
21. Qxd4+ cxd4 22. Na2 $16) 21. Rfe1 b5 22. axb5 axb5 23. Na5 {Ftacnik: Black
has not only enough weak pawns b5,d6,f5,h5, but squares c6,e6 and f4 seem
ideal for white's penetration. Ftacnik: Schwarz leidet nicht nur an vielen
schwachen Bauern b5,d6,f5 und h5, auch die Felder c6,e6 und f4 sind ideal für
weiße Einbrüche.} b4 (23... c4 {Dolmatov} 24. Nc6 Rb6 25. b4 $16 (25. Ra5 $16 {
Ftacnik})) 24. Nb5 Ba6 (24... Rg8 {Ftacnik} 25. Nc6 (25. Na7 Ne5 26. N5c6 Qg7
27. g3 Ng5 $132) 25... Rb6 26. f4 $16) 25. Nc7 {is good for Black} Bxe2 26.
Rxe2 Rg8 (26... Ng5 {Ftacnik} 27. Nc6 Ne5 28. Nxe5 dxe5 29. Qe3 e4 30. Ra6 (30.
f4 Nf3+ 31. gxf3 Qg7+ 32. Rg2 Qxc7 33. Ra6 Rb6 34. Rxb6 Qxb6 35. Rg5 Rg8 36.
fxe4 Rxg5+ 37. fxg5 fxe4 38. Qxe4 $18) 30... Rb6 31. Rxb6 Qxb6 32. Qxg5 Qxc7
33. Qxh5+ Qh7 34. Qxh7+ Kxh7 35. fxe4 $18) 27. Nc6 Rbc8 (27... Ng5 {Ftacnik}
28. Kh1 Rbc8 29. Ne6 Ra8 30. Rae1 Ra2 31. Nf4 $16) 28. Ne6 Ra8 (28... Rg6 {
Dolmatov} 29. Ra7 $18) (28... Ng5 {Ftacnik} 29. Nxg5 Qxg5 30. Qxg5 Rxg5 31. Re6
$18) 29. Rae1 Ra2 30. Nf4 Qg5 (30... Ng5 {Ftacnik} 31. Kh1 Qh6 32. Ne7 $18) 31.
h4 (31. Ne7 $2 {Dolmatov} Ne5) 31... Qg3 (31... Qxh4 {Dolmatov} 32. Ne7 Qg5 33.
Nxg8 $18 (33. Nxg8 {Ftacnik} Ne5 34. Rxe5 dxe5 35. Rxe5 $16)) 32. Re6 (32. Nxh5
Qxh4 33. Nf4 Ng5 $1 {White manoeuvres into a promising position}) 32... Ndf6 (
32... Ndf8 {deserves attention} 33. Nd8 $5 {Here 'wild' complications begin:} (
33. Nxh5 Qxh4 34. Rh6 Ng6 $6) (33. Rxd6 Rg7 (33... Qxh4 34. Ne7 Rg5 35. Qe3 {
White is winning}) 34. Rd8 Qxh4 35. Ne6 Rg8 {with very complex play}) 33... Ng5
(33... Nxe6 {Ftacnik} 34. Nf7+ Kg7 35. Nxh5+ $18) 34. hxg5 Nxe6 35. Nf7+ (35.
Nfxe6 Kh7) 35... Kh7 $5 36. g6+ (36. Nxe6 {in White's favor} Rxb2 37. Qxb2
Qxe1+ 38. Kh2 c4 39. Qd4 {and White should win} (39. Nf4 Qh4+ (39... c3 40. Qc2
Qh4+ 41. Nh3 $1) 40. Nh3 c3 41. Qc2 Rg6 42. Qxf5 Qe1 43. Nxd6 {draw}) 39... h4
$6 40. Nxd6 Qg3+ 41. Kh1 h3 42. Qa7+ Kh8 43. Qd4+ Kh7 44. Qa7+) (36. dxe6 {
and Black has better chances} Rxb2 37. Nxh5 (37. Qxb2 {draw} Qxe1+ 38. Kh2 Qh4+
39. Nh3 d5) 37... Rxd2 38. Nxg3 b3 {draw}) 36... Rxg6 37. Nxg6 (37. dxe6 {wins}
Rxb2 38. Nxh5 Qxg2+ 39. Qxg2 Rbxg2+ (39... Rgxg2+ 40. Kh1 Rh2+ 41. Kg1 Rbg2+
42. Kf1) 40. Kh1 Rf2 41. e7 Rxf3 42. Nf6+ Kg7 43. Nh5+ Kh7 44. Nf6+) 37... Ng5
38. Nxg5+ Kxg6 39. Ne6 Rxb2 40. Nf4+ Kf7 41. Qe3 {and Black is winning}) (32...
Qxf3 $2 {Ftacnik} 33. Ng6+ Rxg6 34. Rxg6 $18) 33. Ne7 ({alternative is} 33.
Rxd6 Qxh4 34. Ne7 (34. Ne5 Nf8 35. Ne6 Kh7 36. Nf7 f4 {and Black can hold})
34... Nf8 35. Nfg6+ Nxg6 36. Rxf6 {wins}) 33... Rga8 $4 {a blunder in a bad
position} (33... Rg7) (33... c4 {Ftacnik} 34. Nxf5 Qxf3 35. Qd4 $18) 34. Nfg6+
{34... Kg7 35. Nxf5+ wins} (34. Nfg6+ {Ftacnik} Kg7 35. Nxf5+ $18) 1-0

[Event "Sinquefield Cup 3rd"]
[Site "Saint Louis"]
[Date "2015.08.26"]
[Round "4"]
[White "Vachier Lagrave, Maxime"]
[Black "Nakamura, Hikaru"]
[Result "1/2-1/2"]
[WhiteElo "2731"]
[BlackElo "2814"]
[Annotator "Krasenkow,M"]
[PlyCount "101"]
[EventDate "2015.08.23"]
[EventType "tourn"]
[EventRounds "9"]
[EventCountry "USA"]
[EventCategory "22"]
[SourceTitle "CBM 168"]
[Source "ChessBase"]
[SourceDate "2015.09.14"]
[SourceVersion "1"]
[SourceVersionDate "2015.09.14"]
[SourceQuality "1"]

1. d4 Nf6 2. c4 g6 3. Nc3 Bg7 4. e4 d6 5. f3 O-O 6. Nge2 c5 7. d5 e6 8. Ng3
exd5 9. cxd5 a6 10. a4 h5 11. Be2 Nbd7 12. O-O (12. Bg5 {is more popular here.}
) 12... h4 13. Nh1 Nh5 {More natural than} (13... Nh7) 14. Be3 (14. Nf2 Bd4)
14... f5 {A standard move but Black has some alternatives. The whole line
looks quite satisfactory for him.} (14... g5 $5 15. Qd2 Nf4 16. Bxf4 gxf4 17.
Qxf4 Ne5 18. Qd2 {1/2 (49) Hansen,S (2405)-Mortensen,E (2445) Tonder 1993} Qf6
$44 {[%csl Gg7]}) (14... Bd4 $5 15. Bxd4 cxd4 (15... Qg5 16. Qc1 $5) 16. Qxd4
Qg5 17. Rad1 f5 (17... Nf4 18. g3 Nh3+ 19. Kg2 Nf4+ 20. Kf2 Nh3+ 21. Ke1 $14 {
L.Ftacnik}) 18. exf5 (18. Qd2 $5 Nf4 19. g3) 18... Nf4 19. g3 Rxf5 20. Bd3 Nh3+
21. Kg2 Nf4+ 22. Kg1 Nh3+ 23. Kg2 Nf4+ {1/2 (23) Spassky,B (2565)-Polgar,J 
(2595) Budapest 1993 CBM 033 [Ftacnik,L]}) 15. f4 Qe8 $146 (15... fxe4 16. Bxh5
gxh5 17. Qxh5 Nf6 18. Qxh4 Ng4 19. Qxd8 Rxd8 20. Rfe1 (20. Bf2 $5 Nxf2 21. Kxf2
Bd4+ 22. Ke1 Rb8 $44 {[%cal Yb7b5]}) 20... Nxe3 21. Rxe3 Bd4 22. Rae1 b5 $36 {
0-1 (68) Naumann,A (2560)-Jorczik,J (2400) Solingen GER 2014}) 16. Bxh5 gxh5
17. e5 {[%mdl 512]} dxe5 18. d6 {A sharp continuation but Black's bishop pair
guarantee him enough counterplay. White has no development advantage as his h1
knight is out of play.} (18. Nf2 $5 $44) 18... exf4 (18... h3 $5) 19. Bxf4 Nf6
20. Nf2 Bd7 (20... Qc6 $1 {[%cal Yb7b6,Yc8b7] looks stronger.} 21. Nd3 Rd8 $1 {
preventing Nd3-e5.}) 21. Nd3 {[%mdl 2048]} (21. Re1 Qg6 22. Nd5 Nxd5 23. Qxd5+
Qf7 $15) 21... h3 (21... Ne4 $13 22. Nd5 $140 Bd4+ 23. Kh1 h3 $1) 22. Ne5 (22.
Nxc5 Bc6 {[%csl Rc6]} 23. g3 {[%cal Yd1d3] looks risky although the position
is unclear in any case.}) 22... hxg2 {This pawn will now protect White's king!}
(22... Ng4 $5 23. Nxd7 Bd4+ 24. Kh1 hxg2+ 25. Kxg2 Qxd7 26. Nd5 $13) 23. Re1
Be6 $2 {A wrong place for this bishop!} (23... Bc6 $142 24. Qb3+ Kh7 25. Rad1
Ne4 26. d7 Qe7 $1 27. Nxc6 bxc6 28. Bd6 Qf7 29. Qxf7 Rxf7 30. Nxe4 (30. Bc7
Bd4+ 31. Rxd4 cxd4 32. Nxe4 fxe4 33. d8=Q Rxd8 34. Bxd8 e3 $132) 30... fxe4 31.
Bxc5 Rd8 $11) 24. Qf3 Ne4 $6 (24... Rd8 $142 25. Rad1 Ne4 {but even in this
version} 26. Re2 {is strong:} (26. Qxg2 $36) 26... Bb3 $1 27. d7 $1 (27. Rde1
Nxc3 28. Qxc3 Bd5 $13) 27... Qe6 28. Rde1 Nxc3 29. bxc3 $36) 25. Rad1 $2 (25.
Re2 $1 $16 {[%csl Rg8][%cal Ye2g2,Gg2g8] , and White gets a strong attack.})
25... Bxe5 26. Bxe5 Qg6 27. Qxg2 (27. Re2 Ng5 28. Qxg2 f4 $40) 27... Qxg2+ 28.
Kxg2 Bd7 $15 {White has little compensation for the pawn in this ending but
opposite-coloured bishops finally save him.} 29. Rg1 Kf7 30. Kf3 Rg8 31. Nxe4
fxe4+ 32. Kxe4 Ke6 33. Bf4 Bxa4 34. Rde1 h4 35. Rxg8 Rxg8 {[%mdl 4096]} 36.
Kf3+ Kf6 37. Re5 Bc6+ 38. Ke3 Re8 39. Rxe8 Bxe8 40. d7 Bxd7 41. Bd6 c4 42. Kd4
b5 43. Kc3 Ke6 44. Bc7 Kd5 45. Bd8 h3 46. b4 cxb3 47. Kxb3 Kc5 48. Be7+ Kb6 49.
Bd8+ Kc5 50. Be7+ Kb6 51. Bd8+ 1/2-1/2